000 00602nam a2200229Ia 4500
003 OSt
005 20220918202618.0
006 a|||||r|||| 00| 0
007 ta
008 220917b |||||||| |||| 00| 0 eng d
024 _a102,557
037 _cTextual
040 _aARTS
_cARTS
_beng
041 _2eng
_aeng
082 _aV26114:71.D4, N4
100 _aSharma A K
_925623
245 0 _aManipur
_b glorious past
260 _aDelhi
_bAryan books international
_c1994
650 _aHISTORY
942 _hV26114:71.D4, N4
_cTEXL
_2CC
999 _c226011
_d226011